Macroeconomía / (Record no. 57654)

MARC details
000 -LEADER
campo de control de longitud fija 01025nam a2200289 i 4500
001 - NÚMERO DE CONTROL
campo de control 57654
003 - IDENTIFICADOR DE NÚMERO DE CONTROL
campo de control ES-MaACL
005 - FECHA Y HORA DE LA ÚLTIMA TRANSACCIÓN
campo de control 20250806083209.0
007 - CAMPO FIJO DE DESCRIPCIÓN FÍSICA--INFORMACIÓN GENERAL
campo de control de longitud fija t|
008 - DATOS DE LONGITUD FIJA--INFORMACIÓN GENERAL
campo de control de longitud fija 031017s1985 sp a 00110 spa d
020 ## - NÚMERO INTERNACIONAL ESTÁNDAR DEL LIBRO
Número Internacional Estándar del Libro 84-7615-055-5
100 1# - ENTRADA PRINCIPAL--NOMBRE DE PERSONA
Nombre de persona Dornbusch, Rudiger.
9 (RLIN) 45414
245 10 - MENCIÓN DEL TÍTULO
Título Macroeconomía /
Mención de responsabilidad, etc. Rudiger Dornbusch, Stanley Fischer ; traducción, Gimena García-Pardo, Alonso de Ojeda Eiseley ; revisión técnica, Antonio Argandoña Ramiz, Luis Toharia Cortés, Carlos G. Villareal Domínguez.
250 ## - MENCION DE EDICION
Mención de edición 3ª ed.
260 ## - PUBLICACIÓN, DISTRIBUCIÓN, ETC.
Lugar de publicación, distribución, etc. Madrid :
Nombre del editor, distribuidor, etc. McGraw-Hill,
Fecha de publicación, distribución, etc. [1985]
300 ## - DESCRIPCIÓN FÍSICA
Extensión XI, 776 p. :
Otras características físicas il. ;
Dimensiones 24 cm.
500 ## - NOTA GENERAL
Nota general Índice.
650 07 - PUNTO DE ACCESO ADICIONAL DE MATERIA--TÉRMINO DE MATERIA
Término de materia o nombre geográfico como elemento de entrada Macroeconomía
Fuente del encabezamiento o término embne
9 (RLIN) 14719
700 1# - ENTRADA AGREGADA--NOMBRE PERSONAL
Nombre de persona Fischer, Stanley.
9 (RLIN) 51011
700 1# - ENTRADA AGREGADA--NOMBRE PERSONAL
Nombre de persona Argandoña, Antonio.
9 (RLIN) 22680
700 1# - ENTRADA AGREGADA--NOMBRE PERSONAL
Nombre de persona Toharia, Luis.
9 (RLIN) 110425
700 1# - ENTRADA AGREGADA--NOMBRE PERSONAL
Nombre de persona Villareal Domínguez, Carlos G.
9 (RLIN) 115112
700 1# - ENTRADA AGREGADA--NOMBRE PERSONAL
Nombre de persona García-Pardo, Jimena.
9 (RLIN) 55078
700 1# - ENTRADA AGREGADA--NOMBRE PERSONAL
Nombre de persona Ojeda Eiseley, Alonso de.
9 (RLIN) 86612
852 ## - LOCALIZACIÓN
Ubicación ES-MaACL
Número de control de estantería L-8522
Holdings
Estatus retirado Estado de pérdida Estado de daño No para préstamo Biblioteca de origen Biblioteca actual Ubicación en estantería Fecha de adquisición Fuente de adquisición Total de préstamos Signatura topográfica completa Código de barras Visto por última vez Precio de reemplazo Tipo de ítem Koha
        Biblioteca del Ateneo de Madrid Biblioteca del Ateneo de Madrid Depósito 2 17/01/2008     L-8522 1060522 23/02/2023 23/02/2023 Libro impreso